3-literowe zwierzęta - Statystyki

Ogólne statystyki
  • Ten quiz został rozwiązany 6 167 razy
  • Średni wynik to 13 z 15
Statystyki odpowiedzi
Obrazkowy Odpowiedź % Poprawnych
Kot
100%
jeż
99%
koń
99%
Lis
99%
Paw
98%
Osa
97%
wąż
97%
Łoś
96%
Lew
95%
Ryś
94%
żuk
79%
ćma
78%
Gil
74%
Jak
53%
wół
49%
Nie znaleziono quizów pasujących do podanych kryteriów
Rozkład punktacji
Procent ludzi z każdym wynikiem
Percentyl według liczby udzielonych odpowiedzi
Twoja historia wyników
Nie rozwiązałeś tego quizu